000 01000nam a2200349Ia 4500
001 025887
008 221003s2008 xx 000 0 spa d
035 _aCENDO_17160
041 _aspa
084 _aCD-07950
245 0 _a<La> calidad institucional, elemento básico para garantizar la competitividad :
_bsistema judicial y organismos reguladores
260 _aMadrid :
_bCírculo de Empresarios,
_c2008
300 _a53 p. ;
_c 30 cm
490 _aDocumentos Círculo ;
_vjunio/julio 2008
650 _aECONOMIA
_9100
650 _aCRECIMIENTO ECONOMICO
_94413
650 _aCOHESION SOCIAL
_91548
650 _aCOMPETITIVIDAD
_970
650 _aEMPRESA
_967
650 _aESTONIA
_913083
650 _aIRLANDA
_9238
650 _aCHINA
_9577
650 _aESPAÑA
_99
710 _aCIRCULO DE EMPRESARIOS,
_eed.
_917203
901 _a0
903 _aNO
904 _a000
953 _d2008-09-23
_yMONOGRAFIA
_oCD-07950
999 _c17159
_d17159
910 _a2008
942 _cMONOGRAFIA